<?xml version="1.0" encoding="UTF-8"?><?xml-stylesheet type="text/xsl" href="static/style.xsl"?><OAI-PMH xmlns="http://www.openarchives.org/OAI/2.0/" xmlns:xsi="http://www.w3.org/2001/XMLSchema-instance" xsi:schemaLocation="http://www.openarchives.org/OAI/2.0/ http://www.openarchives.org/OAI/2.0/OAI-PMH.xsd"><responseDate>2026-04-28T19:49:27Z</responseDate><request verb="GetRecord" identifier="oai:uvadoc.uva.es:10324/65541" metadataPrefix="marc">https://uvadoc.uva.es/oai/request</request><GetRecord><record><header><identifier>oai:uvadoc.uva.es:10324/65541</identifier><datestamp>2024-02-01T20:00:54Z</datestamp><setSpec>com_10324_895</setSpec><setSpec>com_10324_931</setSpec><setSpec>com_10324_894</setSpec><setSpec>col_10324_897</setSpec></header><metadata><record xmlns="http://www.loc.gov/MARC21/slim" xmlns:doc="http://www.lyncode.com/xoai" xmlns:xsi="http://www.w3.org/2001/XMLSchema-instance" xmlns:dcterms="http://purl.org/dc/terms/" xsi:schemaLocation="http://www.loc.gov/MARC21/slim http://www.loc.gov/standards/marcxml/schema/MARC21slim.xsd">
<leader>00925njm 22002777a 4500</leader>
<datafield tag="042" ind1=" " ind2=" ">
<subfield code="a">dc</subfield>
</datafield>
<datafield tag="720" ind1=" " ind2=" ">
<subfield code="a">Vicente Blanco, Dámaso Francisco Javier</subfield>
<subfield code="e">author</subfield>
</datafield>
<datafield tag="260" ind1=" " ind2=" ">
<subfield code="c">2018</subfield>
</datafield>
<datafield tag="520" ind1=" " ind2=" ">
<subfield code="a">El presente trabajo pretende abordar la crisis de la integración regional en la Unión Europea y en el Mercosur, a partir del análisis de la función que desempeña la «supranacionalidad» como técnica jurídica de los procesos de integración.&#xd;
En primer lugar, en la primera parte, el objeto de nuestro análisis es el pretendido «principio de irreversibilidad» del Derecho comunitario, que aparecía en los años a caballo entre los 80 y 90 como un principio claramente en construcción. Nuestro enfoque parte de su examen desde la perspectiva española, en el contexto de los principios generales del Derecho comunitario inmediatamente antes del inicio de su puesta en cuestionamiento a partir de 1993 y su quiebra absoluta con la decisión británica del Brexit.&#xd;
En segundo lugar, examinamos el papel de la «supranacionalidad» como instrumento técnico aparentemente garante de la continuidad del proceso de integración, frente a la fragilidad que a priori presentan los procesos fundados en la técnica de la intergubernamentalidad.</subfield>
</datafield>
<datafield tag="024" ind2=" " ind1="8">
<subfield code="a">La integración europea e iberoamericana: actualidad y perspectivas en el siglo XXI / Ricardo Martín de la Guardia (dir.), Guillermo A. Pérez Sánchez (dir.), 2018, ISBN 978-84-9177-888-2, pág. 135</subfield>
</datafield>
<datafield tag="024" ind2=" " ind1="8">
<subfield code="a">978-84-9177-888-2,</subfield>
</datafield>
<datafield tag="024" ind2=" " ind1="8">
<subfield code="a">https://uvadoc.uva.es/handle/10324/65541</subfield>
</datafield>
<datafield tag="024" ind2=" " ind1="8">
<subfield code="a">135</subfield>
</datafield>
<datafield tag="024" ind2=" " ind1="8">
<subfield code="a">152</subfield>
</datafield>
<datafield tag="024" ind2=" " ind1="8">
<subfield code="a">La integración europea e iberoamericana: actualidad y perspectivas en el siglo XXI</subfield>
</datafield>
<datafield ind1=" " ind2=" " tag="653">
<subfield code="a">Derecho de integración</subfield>
</datafield>
<datafield ind1=" " ind2=" " tag="653">
<subfield code="a">Derecho de la Unión Europea</subfield>
</datafield>
<datafield ind1=" " ind2=" " tag="653">
<subfield code="a">Derecho del Mercosur</subfield>
</datafield>
<datafield tag="245" ind1="0" ind2="0">
<subfield code="a">La crisis de la integración regional en la Unión Europea y en el MERCOSUR: El papel de la «supranacionalidad»</subfield>
</datafield>
</record></metadata></record></GetRecord></OAI-PMH>